000 00473nam a2200169 i 4500
001 89469
003 ES-MaACL
007 t|
008 050110s1921 fr ||||1| fre d
100 1 _aLanquine, Jules.
_970092
245 1 4 _aLes mots espagnols groupés d'après le seus /
_cpar Jules Lanquine et B. Baro.
250 _a12eme ed.
260 _aParís :
_bHachette,
_c[1921]
300 _aVI, 131 p. ;
_c18 cm.
700 1 _aBaro, B.
_925744
852 _aES-MaACL
_jG-3509
999 _c89469
_d89469